Normal view
MARC view
- Bascuñán Cortés, Javier
Entry Nombre Personal
001 - NUMERO DE CONTROL
- campo de control: 37851
003 - IDENTIFICADOR DE NUMERO DE CONTROL
- campo de control: UPN
005 - FECHA Y HORA DE LA ÜLTIMA TRANSACCIÓN
- campo de control: 20210219194529.0
008 - DATOS DE LONGITUD FIJA
- campo de control de longitud fija: nabaccnnaabn|||||||||| b |nc|||||d
035 ## - NUMERO DE CONTROL
- Número de control: UPN11000009958
040 ## - FUENTE DE CATALOGACIÓN
- Lenguaje de catalogación: SPA
- Agencia de transcripción: UPN
100 1# - ENCABEZAMIENTO - NOMBRE PERSONAL
- Nombre personal: Bascuñán Cortés, Javier
670 ## - FUENTE EN LA QUE SE LOCALIZARON DATOS
- Cita de la fuente: T
- Uniform Resource Identifier: http://uinpe.uv.es/sobre-nosotros/miembros/javier-bascunan-cortes/
680 ## - NOTA PUBLICA DE ACCESO PÚBLICO
- Frase explicativa de la referencia: Doctor en Pedagogía. Profesor del Departamento de Educación Comparada e Historia de la Educación de la Universidad de Valencia
902 ## - CATALOGADOR
- Catalogador: MCM/271015
